Η τύχη των μειονοτικών δικαιωμάτων και των εθνοτικών διαρθρώσεων υπό το φως των θεσμικών εξελίξεων της ευρωπαϊκής ενοποίησης : η περίπτωση της βασικής μειονότητας στην Ισπανία
Αποθηκεύτηκε σε:
| Κύριος συγγραφέας: | |
|---|---|
| Συγγραφή απο Οργανισμό/Αρχή: | |
| Άλλοι συγγραφείς: | |
| Μορφή: | Thesis Βιβλίο |
| Γλώσσα: | Greek |
| Δημοσίευση: |
2008
|
| Θέματα: | |
| Διαθέσιμο Online: | http://hdl.handle.net/11610/7876 |
| Ετικέτες: |
Προσθήκη ετικέτας
Δεν υπάρχουν, Καταχωρήστε ετικέτα πρώτοι!
|
MARC
| LEADER | 00000cam a2200000 i 4500 | ||
|---|---|---|---|
| 001 | 1/1967 | ||
| 008 | 091012s2008 gre d | ||
| 035 | |l 10105805 | ||
| 040 | |a GR-MY-UA |b gre |e aacr | ||
| 041 | 0 | |a gre | |
| 082 | 0 | |a 305.800946 |2 (22) | |
| 100 | 1 | |a Πλιάκου, Περσεφόνη. | |
| 245 | 1 | 2 | |a Η τύχη των μειονοτικών δικαιωμάτων και των εθνοτικών διαρθρώσεων υπό το φως των θεσμικών εξελίξεων της ευρωπαϊκής ενοποίησης : |b η περίπτωση της βασικής μειονότητας στην Ισπανία / |c επιμέλεια: Πλιάκου Περσεφόνη ; Γρηγορίου Παναγίωτης |
| 260 | |c 2008 | ||
| 300 | |a 41 σ.; |c 30 εκ. | ||
| 500 | |a Βιβλιογραφία: σ. 39-41 | ||
| 502 | |a Πτυχιακή εργασία – Πανεπιστήμιο Αιγαίου, Λέσβος, 2008. | ||
| 650 | 0 | 0 | |a Minorities |z Spain. |
| 650 | 0 | 0 | |a Human rights |z Spain. |
| 650 | 0 | 0 | |a Civil rights |z Spain. |
| 650 | 0 | 0 | |a Basques. |
| 650 | 0 | 0 | |a Dissertations, Academic |z Greece. |
| 651 | 0 | |a Spain |x Ethnic relations. | |
| 700 | 1 | |4 ths |a Γρηγορίου, Παναγιώτης Γ. | |
| 710 | 2 | |a Πανεπιστήμιο Αιγαίου |b Σχολή Κοινωνικών Επιστημών |b Τμήμα Κοινωνιολογίας. | |
| 852 | |a INST |b LESVOS |c DIATR |e 20091012 |h 337 |p 005100046294 |q 005100046294 |t DIE |y 23 | ||
| 852 | |a INST |b LESVOS |c DIATR |e 20091012 |h 338 |p 005100046295 |q 005100046295 |t DIE |y 23 | ||
| 856 | |u http://hdl.handle.net/11610/7876 | ||
| 901 | |a BIBL1-2009-3 | ||
| 909 | |a Λ |b 159466 | ||
| 909 | |a Λ |b 159467 | ||
| 924 | |a ΠΛΙΑΚΟΥ |b ΠΕΡΣΕΦΟΝΗ |y ΛΕΣΒΟΣ |z 2008-11 | ||
| 970 | |a ΤΖΑΦΕΡΗ |b ΕΥΑΓΓΕΛΙΑ |z 2009/10/12 | ||